European Free Alliance Countries and Regions Quiz Stats

 Plays Quiz not verified by Sporcle

Score 0/43 Timer 05:00
0 Plays Today
Sovereign State Nation within EFA % Correct
SpainCatalonia and Valencia
77.7%
United KingdomScotland
77.7%
United KingdomWales
76.7%
FranceNorthern Catalonia
75.7%
Spain/FranceBasque Country
71.8%
ItalySicily
68.6%
ItalySardinia
65%
FranceBrittany
64.1%
BelgiumFlanders
62.1%
FranceCorsica
62.1%
GermanyBavaria
57.3%
ItalySouth Tyrol
48.5%
United KingdomCornwall
43.7%
SpainGalicia
41.7%
NetherlandsFriesland
37.9%
ItalyLombardy
37.3%
Czech RepublicMoravia
35.9%
FranceAlsace
35.9%
ItalyVeneto
33%
SpainCanary Islands
31.4%
SpainAragon
31.1%
PolandUpper Silesia
30.1%
Sovereign State Nation within EFA % Correct
SpainBalearic Islands
26.2%
BulgariaEthnic Macedonians
23.3%
GreeceEthnic Macedonians
23.3%
FranceOccitania
22.3%
FinlandÅland
20.4%
ItalyAosta Valley
20.4%
United KingdomYorkshire
17.5%
DenmarkEthnic Germans
15.5%
FranceSavoie
14.6%
GermanyLusatia
14.6%
LatviaEthnic Russians
12.7%
GermanyEthnic Danes and North Frisia
12.6%
PolandKashubia
11.8%
AustriaEthnic Slovenians
11.7%
ItalyEthnic Slovenians
11.7%
SlovakiaEthnic Hungarians
10.7%
RomaniaEthnic Hungarians
10.7%
GreeceEthnic Turks
9.8%
LatviaLatgale
7.8%
GermanyEast Frisia
6.8%
CroatiaRijeka
3.9%

You're not logged in!

Compare scores with friends on all Sporcle quizzes.
OR
Log In

Sporcle TV

Today on Sporcle TV


Watch our educational content, quiz creation guides, and fun videos on Sporcle TV.

Show Comments

Extras

Top Quizzes Today


Score Distribution

Your Account Isn't Verified!

In order to create a playlist on Sporcle, you need to verify the email address you used during registration. Go to your Sporcle Settings to finish the process.

Report this User

Report this user for behavior that violates our Community Guidelines.

Details: